Flags of Countries that Border India - Sudden Death - Statistics

General Stats
  • This quiz has been taken 89 times
  • The average score is 5 of 6
Answers on the Grid
Answers color-coded by a green-red scale on the quiz's grid according to % correct below.
 
Answer Stats
Answer % Correct
90%
88%
88%
83%
81%
75%
No matching quizzes found
Score Distribution
Percent of People with Each Score
Percentile by Number Answered
Your Score History
You have not taken this quiz